000 00650pab a2200217 454500
008 180718b2006 xxu||||| |||| 00| 0 eng d
100 _aPradhan, Jaya Prakash
245 _aHow do trade, foreign investment and technology affect employment patterns in organized Indian manufacturing?
260 _c2006
300 _ap.249-72.
362 _aApr-Jun
650 _aIndia - Manufacturing industries
650 _aIndian investment
650 _aForeign investment
650 _aTrade
650 _aIndia - Commerce
650 _aEmployment - India
650 _aEmployment
773 _aIndian Journal of Labour Economics
909 _a73301
999 _c73301
_d73301